La respuesta popular

Uloženo v:
Podrobná bibliografie
Médium: Text
Témata:
Tagy: Přidat tag
Žádné tagy, Buďte první, kdo vytvoří štítek k tomuto záznamu!

MARC

LEADER 00000 a a2200000 04500
001 3929
003
040
245 |a La respuesta popular  
650 |a MOVIMIENTOS SOCIALES  
650 |a SINDICALISMO  
650 |a SALARIOS  
650 |a COSTA RICA  
773 |g número 16; páginas 15-21  
999 |c 36220  |d 36220